Statistics for 50 лучших фильмов по версии IMDb

Click here to take the quiz!

General Stats

  • This quiz has been taken 45 times
  • The average score is 19 of 50

Answer Stats

МестоФильмГодРежиссёрЖанр по версии IMDb% Correct
14Начало2010Кристофер Ноланбоевик, приключение, научная фантастика
77%
2Крёстный отец1972Фрэнсис Форд Копполадетектив, драма
77%
1Побег из Шоушенка1994Фрэнк Дарабонтдрама
72%
8Криминальное чтиво1994Квентин Тарантинодетектив, драма
72%
27Зелёная миля1999Фрэнк Дарабонтдетектив, драма, фэнтези
69%
3Тёмный рыцарь2008Кристофер Ноланбоевик, детектив, драма
67%
21Интерстеллар2014Кристофер Ноланприключение, драма, научная фантастика
64%
7Властелин колец: Возвращение короля2003Питер Джексонбоевик, приключение, драма
59%
9Властелин колец: Братство Кольца2001Питер Джексонбоевик, приключение, драма
59%
13Властелин колец: Две крепости2002Питер Джексонбоевик, приключение, драма
59%
16Матрица1999Энди и Ларри Вачовскибоевик, научная фантастика
56%
29Звёздные войны. Эпизод IV: Новая надежда1977Джордж Лукасбоевик, приключение, фэнтези
56%
15Звёздные войны. Эпизод V: Империя наносит ответный удар1980Ирвин Кершнербоевик, приключение, фэнтези
56%
38Леон1994Люк Бессонбоевик, детектив, драма
51%
12Бойцовский клуб1999Дэвид Финчердрама
51%
6Список Шиндлера1993Стивен Спилбергбайопик, драма, исторический фильм
51%
28Терминатор 2: Судный день1991Джеймс Кэмеронбоевик, научная фантастика
51%
34Паразиты2019Пон Чжун Ходрама, триллер
49%
11Форрест Гамп1994Роберт Земекисдрама, романтический фильм
46%
35Психо1960Альфред Хичкокхоррор, фильм-тайна, триллер
46%
32Унесённые призраками2001Хаяо Миядзакимультфильм, приключение, семейный фильм
46%
31Назад в будущее1985Роберт Земекисприключение, кинокомедия, научная фантастика
46%
4Крёстный отец 21974Фрэнсис Форд Копполадетектив, драма
46%
10Хороший, плохой, злой1966Серджо Леонеприключение, вестерн
44%
33Пианист2002Роман Поланскибайопик, драма, музыкальный фильм
44%
19Семь1995Дэвид Финчердетектив, драма, фильм-тайна
41%
471+12011Оливье Накаш, Эрик Толеданобайопик, кинокомедия, драма
41%
36Гладиатор2000Ридли Скоттбоевик, приключение, драма
36%
24Спасти рядового Райана1998Стивен Спилбергдрама, военный фильм
36%
39Отступники2006Мартин Скорсезедетектив, драма, триллер
33%
42Престиж2006Кристофер Ноландрама, фильм-тайна, научная фантастика
31%
23Молчание ягнят1991Джонатан Деммидетектив, драма, триллер
28%
41Одержимость2014Дамьен Шазельдрама, музыкальный фильм
26%
30Человек-паук: Паутина вселенных2023Жуакин Душ Сантуш, Кэмп Пауэрс, Джастин Томпсонмультфильм, боевик, приключение
26%
22Семь самураев1954Акира Куросавабоевик, драма
21%
17Славные парни1990Мартин Скорсезебайопик, детектив, драма
21%
512 разгневанных мужчин1957Сидни Люметдетектив, драма
21%
43Могила светлячков1988Исао Такахатамультфильм, драма, военный фильм
18%
26Жизнь прекрасна1997Роберто Бениньикинокомедия, драма, романтический фильм
18%
18Пролетая над гнездом кукушки1975Милош Формандрама
18%
37Король Лев1994Роджер Аллерс, Роб Минкоффмультфильм, приключение, драма
15%
25Город Бога2002Фернанду Мейреллишдетектив, драма
13%
40Американская история Икс1998Тони Кэйдетектив, драма
10%
20Эта прекрасная жизнь1946Фрэнк Капрадрама, семейный фильм, фэнтези
10%
46Касабланка1942Майкл Кёртицдрама, романтический фильм, военный фильм
10%
44Харакири1962Масаки Кобаясибоевик, драма, фильм-тайна
8%
45Подозрительные лица1995Брайан Сингердетектив, драма, фильм-тайна
8%
49Новый кинотеатр «Парадизо»1988Джузеппе Торнаторедрама, романтический фильм
8%
48Новые времена1936Чарли Чаплинкинокомедия, драма, романтический фильм
5%
5012-я неудача2023Видху Винод Чопрабайопик, драма
5%

Score Distribution

Percentile by Number Answered

Percent of People with Each Score

Your Score History

You have not taken this quiz